MARC details
| 000 -CABECERA |
| campo de control de longitud fija |
01572nam a2200229 a 4500 |
| 001 - NÚMERO DE CONTROL |
| campo de control |
000013287 |
| 005 - FECHA Y HORA DE LA ÚLTIMA TRANSACCIÓN |
| campo de control |
20200929163203.0 |
| 008 - DATOS DE LONGITUD FIJA--INFORMACIÓN GENERAL |
| campo de control de longitud fija |
081117s1993 dr ac 000 0 spa d |
| 040 ## - FUENTE DE LA CATALOGACIÓN |
| Centro catalogador/agencia de origen |
DO-SdBNP |
| Lengua de catalogación |
spa |
| Centro/agencia transcriptor |
BNPHU |
| 100 1# - ENTRADA PRINCIPAL--NOMBRE DE PERSONA |
| Nombre de persona |
Castillo Acosta, Luis |
| 9 (RLIN) |
1251 |
| 245 10 - MENCIÓN DE TÍTULO |
| Título |
Matemática : |
| Resto del título |
educación primaria. / |
| Mención de responsabilidad, etc. |
Luis Castillo Acosta, Laura Mínguez de Valero, Iris Cristina Sánchez ; ilustraciones Miguel Cepeda. |
| 250 ## - MENCIÓN DE EDICIÓN |
| Mención de edición |
3a. ed. |
| 260 ## - PUBLICACIÓN, DISTRIBUCIÓN, ETC. |
| Lugar de publicación, distribución, etc. |
Santo Domingo, : |
| Nombre del editor, distribuidor, etc. |
Disesa, |
| Fecha de publicación, distribución, etc. |
1993. |
| 300 ## - DESCRIPCIÓN FÍSICA |
| Extensión |
v. : |
| Otras características físicas |
il., retrs. ; |
| Dimensiones |
27 cm. |
| 500 ## - NOTA GENERAL |
| Nota general |
Educación primaria. |
| 500 ## - NOTA GENERAL |
| Nota general |
La biblioteca solamente posee el volumen 5. |
| 500 ## - NOTA GENERAL |
| Nota general |
El contenido de este libro ha sido realizado siguiendo los objetivos, contenidos y actividades del programa de 5to. grado del nivel primario de la Secretaría de Estado de Educación, Bellas Artes y Cultos |
| 505 0# - NOTA DE CONTENIDO CON FORMATO |
| Nota de contenido con formato |
v. 5 : |
| Título |
Prólogo -- |
| -- |
Programación -- |
| -- |
El número natural -- |
| -- |
Adición y sustración de los números naturales -- |
| -- |
La multiplicación de números naturales -- |
| -- |
División de números naturales -- |
| -- |
Conjuntos -- |
| -- |
Factores o divisores de un número -- |
| -- |
Las fracciones -- |
| -- |
Suma y resta de fracciones -- |
| -- |
Multiplicación y división de fracciones -- |
| -- |
Los decimales, la suma y la resta -- |
| -- |
Multiplicación y división de decimales -- |
| -- |
Razón, proporción y tanto por ciento -- |
| -- |
Unidades de longitud -- |
| -- |
Los polígonos -- |
| -- |
La circunferencia -- |
| -- |
Medidad de superficie -- |
| -- |
Cuerpos geométricos -- |
| 700 1# - PUNTO DE ACCESO ADICIONAL--NOMBRE DE PERSONA |
| Nombre de persona |
Mínguez de Valero, Laura |
| 9 (RLIN) |
1250 |
| 700 1# - PUNTO DE ACCESO ADICIONAL--NOMBRE DE PERSONA |
| Nombre de persona |
Sánchez, Iris Cristina |
| 9 (RLIN) |
1253 |
| 700 1# - PUNTO DE ACCESO ADICIONAL--NOMBRE DE PERSONA |
| Nombre de persona |
Cepeda, Miguel |
| Término indicativo de función/relación |
il. |
| 9 (RLIN) |
1255 |